|
|
|
|
| LEADER |
03266nam a2200721 a 4500 |
| 001 |
nkc20122375819 |
| 003 |
CZ PrNK |
| 005 |
20121205072305.0 |
| 007 |
ta |
| 008 |
120702s2012 xr a f 100 0 eng |
| 015 |
|
|
|a cnb002375819
|
| 020 |
|
|
|a 978-80-87112-64-9
|q (Etnologiocký ústav AV ČR ;
|q brož.)
|
| 020 |
|
|
|a 978-80-7331-236-7
|q (Akademie múzických umění ;
|q brož.)
|
| 035 |
|
|
|a (OCoLC)817047590
|
| 040 |
|
|
|a ABA001
|b cze
|
| 072 |
|
7 |
|a 793.3
|x Pohybové umění. Tanec
|2 Konspekt
|9 3
|
| 080 |
|
|
|a 793.31/.35
|2 MRF
|
| 080 |
|
|
|a 793.31
|2 MRF
|
| 080 |
|
|
|a 793.31:39
|2 MRF
|
| 080 |
|
|
|a 781.7
|2 MRF
|
| 080 |
|
|
|a 793.3
|2 MRF
|
| 080 |
|
|
|a 001.2
|2 MRF
|
| 080 |
|
|
|a 316.66-055.1/.3
|2 MRF
|
| 080 |
|
|
|a 930.85
|2 MRF
|
| 080 |
|
|
|a (062.534)
|2 MRF
|
| 110 |
2 |
|
|a International Council for Traditional Music.
|b Study Group on Ethnochoreology.
|b Symposium
|n (26. :
|d 2010 :
|c Třešť, Česko)
|7 pna2012720474
|
| 245 |
1 |
0 |
|a Dance, gender and meanings ;
|b Contemporizing traditional dance : proceedings of the 26th Symposium of the ICTM Study Group on Ethnochoreology 2010 : Třešť, Czech Republic /
|c editors Elsie Ivancich Dunin, Daniela Stavělová, Dorota Gremlicová ; assisted by Zdeněk Vejvovda
|
| 246 |
3 |
0 |
|a 26th Symposium of the ICTM Study Group on Ethnochoreology
|
| 246 |
3 |
0 |
|a Symposium of the ICTM Study Group on Ethnochoreology
|
| 250 |
|
|
|a 1st ed.
|
| 260 |
|
|
|a Prague :
|b Academy of Performing Arts :
|b Institute of Ethnology of the Academy of Sciences,
|c 2012
|
| 300 |
|
|
|a 311 s. :
|b il. (převážně barev.) ;
|c 23 cm
|
| 500 |
|
|
|a Pod názvem: Academy of Performing Arts in Prague, Institute of Ethnology of the Academy of Sciences of the Czech Republic, International Council for Traditional Music, Study Group on Ethnochoreography
|
| 504 |
|
|
|a Obsahuje bibliografie a bibliografické odkazy
|
| 650 |
0 |
7 |
|a tance
|7 ph224474
|2 czenas
|
| 650 |
0 |
7 |
|a lidové tance
|7 ph122319
|2 czenas
|
| 650 |
0 |
7 |
|a etnochoreologie
|7 ph359608
|2 czenas
|
| 650 |
0 |
7 |
|a tradiční hudba
|7 ph126703
|2 czenas
|
| 650 |
0 |
7 |
|a tanec
|7 ph126430
|x mezioborový kontext
|2 czenas
|
| 650 |
0 |
7 |
|a gender
|7 ph175751
|2 czenas
|
| 650 |
0 |
7 |
|a kulturní dědictví
|7 ph137975
|2 czenas
|
| 650 |
0 |
9 |
|a dances
|2 eczenas
|
| 650 |
0 |
9 |
|a folk dances
|2 eczenas
|
| 650 |
0 |
9 |
|a ethnochoreology
|2 eczenas
|
| 650 |
0 |
9 |
|a traditional music
|2 eczenas
|
| 650 |
0 |
9 |
|a dance
|x interdisciplinary context
|2 eczenas
|
| 650 |
0 |
9 |
|a gender
|2 eczenas
|
| 650 |
0 |
9 |
|a cultural heritage
|2 eczenas
|
| 655 |
|
7 |
|a sborníky konferencí
|7 fd133333
|2 czenas
|
| 655 |
|
9 |
|a proceedings of conferences
|2 eczenas
|
| 700 |
1 |
|
|a Dunin, Elsie Ivancich,
|d 1935-
|7 pna2012720477
|4 edt
|
| 700 |
1 |
|
|a Stavělová, Daniela,
|d 1954-
|7 xx0010216
|4 edt
|
| 700 |
1 |
|
|a Gremlicová, Dorota,
|d 1966-
|7 xx0001812
|4 edt
|
| 710 |
2 |
|
|a Akademie múzických umění v Praze
|7 kn20010709005
|
| 710 |
2 |
|
|a Etnologický ústav (Akademie věd ČR)
|7 kn20071004001
|
| 740 |
0 |
2 |
|a Contemporizing traditional dance
|
| 910 |
2 |
|
|a BOA001
|b 2-1291.945
|
| 928 |
9 |
|
|a Akademie múzických umění v Praze
|
| 928 |
9 |
|
|a Etnologický ústav Akademie věd České republiky
|
| 990 |
|
|
|a BK
|
| 995 |
|
|
|a 01
|
| 991 |
|
|
|b 201212
|c NOV
|e n
|
| 996 |
6 |
|
|b 2610528695
|c 2-1291.945
|l MZK
|r Sklad / do 1 hodiny
|n 9
|p p.v.
|w 001299116
|u 000010
|a 1
|e BOA001
|j MZK50
|s P
|